Music Quiz

Random Music or Famous Quiz

One Word Musicians by Definition Quiz Stats

 Plays Quiz Updated Mar 2, 2018

Challenge
Share
Tweet
Embed
Score 0/15 Timer 03:00
6 Plays Today
% Correct
Jewel
97.3%
Slash
97%
Eve
96.9%
Brandy
96.6%
Prince
96.2%
Usher
95.9%
Flea
95.5%
Common
94.8%
% Correct
Madonna
93.9%
Seal
91.5%
Sting
89.9%
Drake
86.6%
Beck
64.7%
Dido
62.7%
Cher
52.2%

You're not logged in!

Compare scores with friends on all Sporcle quizzes.
Join for Free
OR
Log In

You Might Also Like...

Show Comments

Extras

Top Quizzes Today


Score Distribution

Your Account Isn't Verified!

In order to create a playlist on Sporcle, you need to verify the email address you used during registration. Go to your Sporcle Settings to finish the process.

Report this User

Report this user for behavior that violates our Community Guidelines.

Details: